000 00636nam a2200193Ii 4500
003 JO-AjNU
008 230605s9999||||xx |||||||||||||| ||und||
017 _a1971/1681
040 _aJO-AjNU
_bara
_erda
_cJO-AjNU
041 _aara
050 1 4 _aP41.W25 1971
100 3 _aعبد الواحد وافي,علي تاليف,
_eauthor
_913323
245 0 0 _aاللغة والمجتمع
264 3 1 _aالقاهرة:دار نهضة مصر للطبع والنشر,1971
336 _atext
_btxt
_2rdacontent
337 _aunmediated
_bn
_2rdamedia
338 _avolume
_bnc
_2rdacarrier
650 4 _aاللغة-اللغة والمجتمع
_913324
999 _aA3288
_c6856
_d6856